|
|
|
|
| LEADER |
00000cam a2200000 a 4500 |
| 001 |
EA-62 |
| 005 |
20230308193138.0 |
| 008 |
995030|1994 ||||||||r|||||||||||spa|| |
| 040 |
|
|
|b spa
|
| 041 |
1 |
|
|a spa
|
| 100 |
1 |
|
|a Astudillo A., Teodoro.
|9 140139
|
| 245 |
|
|
|a Realidad económico social de Zumbahuayco, parroquia Javier Loyola del cantón Azogues
|c Teodoro Astudillo A. Director Jacinto Cordero Espinosa
|h dact
|
| 264 |
|
|
|a Cuenca
|c 1994
|
| 300 |
|
|
|a 60 páginas:
|c 30 cm
|
| 502 |
|
|
|a Licenciado en Ciencias Políticas y Sociales
|b Universidad de Cuenca
|c jur
|d Cordero Espinosa, Jacinto, dir.
|e DERECHO
|
| 504 |
|
|
|a incl. ref.
|
| 650 |
|
|
|a Comunidades rurales
|9 23368
|
| 650 |
|
|
|a Tesis en derecho
|9 1232
|
| 650 |
|
|
|a Zumbahuayco
|9 131401
|
| 650 |
|
|
|a Parroquia javier loyola
|9 131251
|
| 650 |
|
|
|a Canton azoguez
|9 140140
|
| 852 |
|
|
|a UC-CDJBV
|c CUARTO PISO (SECCION TESIS)
|f Donación
|k teresa.torres
|l 1
|m Limitada
|p 19950307
|q 1.00
|t EA-62
|b 1
|d CDRC
|e CDRC
|g CUARTO PISO (SECCION TESIS)
|z 1995-50-30
|
| 942 |
|
|
|c TS
|
| 999 |
|
|
|c 82094
|d 82094
|